More Mr. and Mrs. Green #2 / Keith Baker.
Available copies
- 0 of 1 copy available at LARL/NWRL Consortium. (Show)
- 0 of 1 copy available at Northwest Regional Library.
Current holds
0 current holds with 1 total copy.
Show Only Available Copies
| Location | Call Number / Copy Notes | Barcode | Shelving Location | Status | Due Date |
|---|---|---|---|---|---|
| Thief River Falls Public Library | e BAK (Text) | 35500003820535 | Main | Checked out | 07/18/2026 |
Record details
- ISBN: 0152052461 (pbk.)
- Physical Description: 68 p. : col. ill. ; 23 cm.
- Edition: 1st Harcourt pbk. ed.
- Publisher: Orlando, Fl. : Harcourt, 2005, c2004.
Content descriptions
| Summary, etc.: | Mr. and Mrs. Green, two alligators, spend time ... Read More |
| Target Audience Note: | Ages 6 to 9. |
Search for related items by subject
| Subject: | Jellybeans > Juvenile fiction. Painting > Juvenile fiction. Parks > Juvenile fiction. Alligators > Juvenile fiction. |
| Genre: | Fishing stories. |
Search for related items by series
| LDR | 01108cam a2200301Ka 4500 | ||
|---|---|---|---|
| 001 | 69825 | ||
| 003 | LARL_NWRL_CONSORTIUM | ||
| 005 | 20060602170155.0 | ||
| 008 | 050224t20052004flua b 000 1 eng d | ||
| 020 | . | ‡a0152052461 (pbk.) | |
| 035 | . | ‡a(OCoLC)57722739 | |
| 090 | . | ‡aPZ7.B17427 ‡bMo 2005 | |
| 100 | 1 | . | ‡aBaker, Keith, ‡d1953- ‡0(LARL_NWRL_CONSORTIUM)88611 |
| 245 | 1 | 0. | ‡aMore Mr. and Mrs. Green ‡n#2 / ‡cKeith Baker. |
| 250 | . | ‡a1st Harcourt pbk. ed. | |
| 260 | . | ‡aOrlando, Fl. : ‡bHarcourt, ‡c2005, c2004. | |
| 300 | . | ‡a68 p. : ‡bcol. ill. ; ‡c23 cm. | |
| 490 | 0 | . | ‡aMr. and Mrs. Green ; ‡v2 |
| 520 | . | ‡aMr. and Mrs. Green, two alligators, spend time together fishing, painting, and going to the park. | |
| 521 | 1 | . | ‡aAges 6 to 9. |
| 655 | 0. | ‡aFishing stories. | |
| 650 | 0. | ‡aJellybeans ‡vJuvenile fiction. | |
| 650 | 0. | ‡aPainting ‡vJuvenile fiction. | |
| 650 | 0. | ‡aParks ‡vJuvenile fiction. | |
| 650 | 0. | ‡aAlligators ‡vJuvenile fiction. | |
| 901 | . | ‡a69825 ‡bOCLC ‡c69825 ‡tbiblio | |

Add to basket
Permalink
Disable Highlighting